| 000 | 00640cam a2200229 i 4500 | ||
|---|---|---|---|
| 001 | 2297825 | ||
| 005 | 20180205072051.0 | ||
| 008 | 810108s1981 caua b 001 0 eng | ||
| 010 | _a 80006061 | ||
| 020 | _a0520042859 | ||
| 040 |
_aDLC _cDLC _dDLC |
||
| 041 | _aeng | ||
| 043 | _an-us-ak | ||
| 080 | _a333.7 YOU | ||
| 082 | 0 | 0 |
_a333.7 YOU _219 |
| 100 | 1 | _a52 | |
| 101 | _aEKO | ||
| 245 | 1 | 0 |
_aNatural resources and the state : _cOran R. Young. |
| 504 | _aIncludes bibliographical references and index. | ||
| 906 |
_a7 _bcbc _corignew _du _eocip _f19 _gy-gencatlg |
||
| 942 |
_2ddc _cBK |
||
| 999 |
_c41760 _d41760 |
||